00370pab a2200133 454500008004000000100001500040245007800055260000900133300001100142362001500153650003400168700001800202773001600220180718b1990 xxu||||| |||| 00| 0 eng d aSarna, A.C aSocio - economic and travel characteristics of employees in Bombay Island c1990 a102-13 aJan.- Mar. aTraffic - India - Maharashtra aAnand Prakash aUrban India